000 01205cam a2200337 a 4500
999 _c331029
_d331029
001 16228975
003 NUST
005 20180117090030.0
008 100512s2012 cau b 001 0 eng
010 _a 2010928556
020 _a9780840033864 (hbk.)
020 _a0840033869 (hbk.)
040 _aDLC
_cDLC
042 _apcc
050 0 0 _aBF637.C6
_bC576 2012
082 _a158.35
100 1 _aCorey, Gerald.
_94006
245 1 0 _aTheory & practice of group counseling /
_cGerald Corey.
246 3 _aTheory and practice of group counseling
250 _a8th ed.
260 _aBelmont, CA :
_bBrooks/Cole, Cengage Learning,
_cc2012.
300 _axxiv, 515 p. ;
_c26 cm.
500 _aRev. ed. of: Theory and practice of group counseling. 7th ed. c2008.
504 _aIncludes bibliographical references and index.
650 0 _aGroup counseling.
_94170
650 0 _aSmall groups.
_94426
906 _a7
_bcbc
_corignew
_d3
_eepcn
_f20
_gy-gencatlg
942 _2ddc
_cBK